Plus grandes aires urbaines d'Amérique du nord - Statistiques

Statistiques générales
  • Ce quiz a été pris 97 fois
  • Le résultat moyen est 33 sur 54
Statistiques - réponses
Hint Réponse % Correct
23.5 mil New York
99%
18.7 mil Los Angeles
97%
6.87 mil Miami
97%
9.86 mil Chicago
94%
8.28 mil Boston
93%
23.8 mil Mexico
93%
8.84 mil San Francisco - San José
93%
7.99 mil Dallas
92%
6.23 mil Washington
91%
7.20 mil Philadelphie
90%
7.02 mil Seattle
90%
5.68 mil Détroit
88%
7.19 mil Houston
86%
4.25 mil Montréal
86%
6.43 mil Toronto
85%
5.22 mil San Diego - Tijuana
84%
6.63 mil Atlanta
78%
2.65 mil Vancouver
77%
3.75 mil Denver
76%
4.85 mil Phoenix
70%
3.29 mil Portland
70%
2.38 mil Austin
69%
2.48 mil Las Vegas
68%
3.97 mil Minneapolis
66%
2.45 mil Indianapolis
64%
2.78 mil Charlotte
63%
3.36 mil Orlando
63%
2.51 mil San Antonio
61%
3.50 mil Baltimore
56%
2.61 mil Sacramento
56%
3.48 mil Cleveland
55%
2.13 mil La Havane
55%
2.35 mil Nashville
55%
2.59 mil San José
55%
2.48 mil Kansas City
52%
2.60 mil Salt Lake City
51%
4.88 mil Guadalajara
49%
2.90 mil Saint Louis
49%
2.48 mil El Paso
47%
5.48 mil Guatemala
44%
4.65 mil Monterrey
42%
3.14 mil Tampa
42%
4.21 mil Port-au-Prince
41%
2.42 mil Cincinnati
36%
2.61 mil San Salvador
36%
2.28 mil Milwaukee
35%
4.10 mil Saint-Domingue
34%
2.18 mil Tegucigalpa
33%
2.59 mil Pittsburgh
32%
2.24 mil Managua
28%
2.50 mil Colombus
22%
2.95 mil Puebla
19%
2.20 mil Toluca
5%
2.78 mil Brownsville - McAllen
1%
Aucun quiz correspondant
Distribution des résultats
% des personnes avec chaque résultat
Percentile par nombre de réponses
Votre historique - résultats
Vous n’avez pas pris ce quiz